000 00904nam a2200193 i 4500
001 183320
003 ES-MaACL
005 20230906221849.0
008 140319s1839 fr |||| | fre d
245 0 0 _aCode de commerce du royaume de Hollande /
_ctraduit par M. Willem Wintgens,.... précédé des lois nouvelles sur l'organisation judiciaire du royaume de Hollande et du titre du code de procédure civile, relatif à la contrainte par corps.
260 _aRennes :
_bBlin ;
_aParis :
_bJoubert :
_bLa Haye :
_bM. P. Van Stockum,
_c1839.
300 _aVIII-410 p. ;
_c22 cm.
490 1 _aCollection des lois civiles et criminelles des états modernes ;
_v7
650 4 _aDerecho mercantil-
_zHolanda.
_9171666
700 1 _aWintgens, Willen.
_9154588
830 1 _aCollection des lois civiles et criminelles des états modernes ;
_v7
_9191907
852 _aES-MaACL
_jG-3636
999 _c183320
_d183320